| 000 | 00742nam a22002297a 4500 | ||
|---|---|---|---|
| 005 | 20170124105956.0 | ||
| 010 | _aB-059465 | ||
| 020 |
_c00.00 _a817273042 |
||
| 035 | _aB-059465 | ||
| 037 | _bCen Lib/Ret | ||
| 040 |
_aDPL _bEN |
||
| 082 |
_a331.31 _bGOM |
||
| 100 |
_aGomango, S. P. _914654 |
||
| 245 |
_aChild labour : _cby S. P. Gomango _ba precarious future / |
||
| 260 |
_aDelhi _bAuthors Press _c2001 |
||
| 270 |
_aE-35/103, Jawahar Park Shree Ganesh Complex Laxmi Nagar _bDelhi _e110092 |
||
| 300 |
_a285p. _c21cm(Hb) |
||
| 500 | _aIncludes bibliographical reference and index | ||
| 650 |
_aChild labor _zIndia _914655 |
||
| 650 |
_aChildren--Legal status, laws, etc _914656 |
||
| 942 |
_2ddc _cEN _h331.31 _mGOM |
||
| 999 |
_c125528 _d125528 |
||